LEADER 03184nam 22007454a 450 001 9910452236203321 005 20200520144314.0 010 $a0-19-024222-1 010 $a1-280-50214-2 010 $a0-19-803511-X 010 $a1-4237-2019-9 035 $a(CKB)1000000000456700 035 $a(EBL)281330 035 $a(OCoLC)476026228 035 $a(SSID)ssj0000218013 035 $a(PQKBManifestationID)11190287 035 $a(PQKBTitleCode)TC0000218013 035 $a(PQKBWorkID)10212140 035 $a(PQKB)10391841 035 $a(MiAaPQ)EBC281330 035 $a(StDuBDS)EDZ0001181286 035 $a(Au-PeEL)EBL281330 035 $a(CaPaEBR)ebr10233707 035 $a(CaONFJC)MIL50214 035 $a(OCoLC)935262306 035 $a(EXLCZ)991000000000456700 100 $a20040218d2005 uy 0 101 0 $aeng 135 $aur|n|---||||| 181 $ctxt 182 $cc 183 $acr 200 10$aParent management training$b[electronic resource] $etreatment for oppositional, aggressive, and antisocial behavior in children and adolescents /$fAlan E. Kazdin 210 $aNew York $cOxford University Press$dc2005 215 $a1 online resource (423 p.) 300 $aDescription based upon print version of record. 311 $a0-19-538600-0 311 $a0-19-515429-0 320 $aIncludes bibliographical references (p. 385-399) and indexes. 327 $aIntroduction -- Underlying principles and concepts -- From principles to techniques : positive reinforcement -- From principles to techniques : punishment and extinction -- Characteristics of treatment -- Evidence : key findings, strengths, and limitations -- Critical issues in applying and implementing treatment -- Parent management training in perspective -- Parent management training treatment manual. 330 $aBased on Parent Management Training, as applied to the treatment of children and adolescents with oppositional and antisocial behavior. This book presents theory, research and clinical issues in an integrated fashion. Divided into two parts, it provides a therapy manual to convey what is actually done in treatment on a session by session basis. 606 $aChild psychotherapy$xParent participation 606 $aBehavior disorders in children$xTreatment 606 $aChild psychopathology 606 $aAdolescent psychopathology 606 $aParenting$xStudy and teaching 606 $aChild rearing$xStudy and teaching 606 $aParent and child$xPsychological aspects 608 $aElectronic books. 615 0$aChild psychotherapy$xParent participation. 615 0$aBehavior disorders in children$xTreatment. 615 0$aChild psychopathology. 615 0$aAdolescent psychopathology. 615 0$aParenting$xStudy and teaching. 615 0$aChild rearing$xStudy and teaching. 615 0$aParent and child$xPsychological aspects. 676 $a618.92/8914 700 $aKazdin$b Alan E$0223815 801 0$bMiAaPQ 801 1$bMiAaPQ 801 2$bMiAaPQ 906 $aBOOK 912 $a9910452236203321 996 $aParent management training$92293071 997 $aUNINA